<?xml version="1.0" encoding="UTF-8"?>
<collection xmlns="http://www.loc.gov/MARC21/slim">
 <record>
  <leader>00980cam a2200337 i 4500</leader>
  <controlfield tag="001">000042809</controlfield>
  <controlfield tag="003">684</controlfield>
  <controlfield tag="005">20030324114043.0</controlfield>
  <controlfield tag="008">010217|1995    vm            000   eng</controlfield>
  <datafield tag="020" ind1=" " ind2=" ">
   <subfield code="a">9971740532</subfield>
  </datafield>
  <datafield tag="022" ind1=" " ind2=" ">
   <subfield code="a">T</subfield>
  </datafield>
  <datafield tag="040" ind1=" " ind2=" ">
   <subfield code="a">IRC</subfield>
   <subfield code="c">IRC</subfield>
   <subfield code="d">IRC</subfield>
  </datafield>
  <datafield tag="041" ind1="0" ind2=" ">
   <subfield code="a">eng</subfield>
  </datafield>
  <datafield tag="082" ind1="1" ind2="4">
   <subfield code="a">306</subfield>
   <subfield code="b">TI-M</subfield>
  </datafield>
  <datafield tag="100" ind1="1" ind2=" ">
   <subfield code="a">Tickoo, Makhan L.</subfield>
  </datafield>
  <datafield tag="245" ind1="0" ind2="0">
   <subfield code="a">Language and Culture In Multilingual Societies : Viewpoints and visions /</subfield>
   <subfield code="c">Makhan L. Tickoo.</subfield>
  </datafield>
  <datafield tag="260" ind1=" " ind2=" ">
   <subfield code="a">Singapore :</subfield>
   <subfield code="b">SEAMEO,</subfield>
   <subfield code="c">1995.</subfield>
  </datafield>
  <datafield tag="300" ind1=" " ind2=" ">
   <subfield code="a">279p. ;</subfield>
   <subfield code="c">20,5cm.</subfield>
  </datafield>
  <datafield tag="520" ind1="3" ind2=" ">
   <subfield code="a">Language And Culture in cross-Cultural Contexts. Cultural Issues In Language Education. Culture In Linguistic Discourse.</subfield>
  </datafield>
  <datafield tag="630" ind1="0" ind2="4">
   <subfield code="a">Culture.</subfield>
  </datafield>
  <datafield tag="650" ind1="0" ind2="4">
   <subfield code="a">Language and Culture In Multilingual Societies.</subfield>
  </datafield>
  <datafield tag="OWN" ind1=" " ind2=" ">
   <subfield code="a">DUT</subfield>
  </datafield>
  <datafield tag="999" ind1=" " ind2=" ">
   <subfield code="a">From the UDN01</subfield>
  </datafield>
  <datafield tag="TYP" ind1=" " ind2=" ">
   <subfield code="a">Monograph</subfield>
  </datafield>
  <datafield tag="TYP" ind1=" " ind2=" ">
   <subfield code="a">Printed language</subfield>
  </datafield>
  <datafield tag="980" ind1=" " ind2=" ">
   <subfield code="a">Mạng thư viện Đại học Đà Nẵng</subfield>
  </datafield>
 </record>
</collection>
